| 000 | 00000nam##2200000za#4500 |
| 001 | 9.647020 |
| 003 | CaOODSP |
| 005 | 20240209132408 |
| 007 | ta |
| 008 | 150407|1996||||xxc||||| f|0| 0 eng|d |
| 020 | |a0-662-26973-X |
| 040 | |aCaOODSP|beng |
| 043 | |an-cn--- |
| 086 | 1 |aC89-43/1996E |
| 110 | 2 |aAtlantic Canada Opportunities Agency. |
| 245 | 10|aAtlantic Canada human development index study / |cby Mike McCracken, Martha Justus and Bing He. |
| 260 | |aMoncton - New Brunswick : |bAtlantic Canada Opportunities Agency |c1996. |
| 300 | |a105p. : |bgraphs, references ; |c28 cm. |
| 500 | |a"The objectives of this study are: 1. To determine how the Atlantic Canada region, as a whole, would rank within the UN HDI [Human Development Index] relative to: a) Canada as a whole; and b) The other industrialized countries ranked by the UN, especially those constituting the G7. 2. To rank Atlantic Canada as a whole according to the indicators used for industrialized countries in the UN HDR [Human Development Report] study."--Page 2. |
| 520 | 3 |aThe objectives of this study are: 1. To determine how the Atlantic Canada region, as a whole, would rank within the UN HDI [Human Development Index] relative to: a) Canada as a whole; and b) The other industrialized countries ranked by the UN, especially those constituting the G7. 2. To rank Atlantic Canada as a whole according to the indicators used for industrialized countries in the UN HDR [Human Development Report] study.--Page 2 |
| 563 | |aRing binding |
| 590 | |a98-33|b1998-08-14 |
| 720 | 1 |aMcCracken, Mike |
| 720 | 1 |aJustus, Martha |
| 720 | 1 |aHe, Bing |
| 775 | 08|tÉtude de la région de l'Atlantique à partir de l'indice du développement humain / |w(CaOODSP)9.680500 |
| 776 | 0#|tAtlantic Canada human development index study / |w(CaOODSP)9.695305 |